<?xml version="1.0" encoding="UTF-8"?><?xml-stylesheet type="text/xsl" href="static/style.xsl"?><OAI-PMH xmlns="http://www.openarchives.org/OAI/2.0/" xmlns:xsi="http://www.w3.org/2001/XMLSchema-instance" xsi:schemaLocation="http://www.openarchives.org/OAI/2.0/ http://www.openarchives.org/OAI/2.0/OAI-PMH.xsd"><responseDate>2026-04-28T03:06:58Z</responseDate><request verb="GetRecord" identifier="oai:riubu.ubu.es:10259/5642" metadataPrefix="marc">https://riubu.ubu.es/oai/request</request><GetRecord><record><header><identifier>oai:riubu.ubu.es:10259/5642</identifier><datestamp>2021-11-02T12:04:45Z</datestamp><setSpec>com_10259_4201</setSpec><setSpec>com_10259_5086</setSpec><setSpec>com_10259_2604</setSpec><setSpec>col_10259_4505</setSpec></header><metadata><record xmlns="http://www.loc.gov/MARC21/slim" xmlns:doc="http://www.lyncode.com/xoai" xmlns:xsi="http://www.w3.org/2001/XMLSchema-instance" xmlns:dcterms="http://purl.org/dc/terms/" xsi:schemaLocation="http://www.loc.gov/MARC21/slim http://www.loc.gov/standards/marcxml/schema/MARC21slim.xsd">
<leader>00925njm 22002777a 4500</leader>
<datafield tag="042" ind1=" " ind2=" ">
<subfield code="a">dc</subfield>
</datafield>
<datafield tag="720" ind1=" " ind2=" ">
<subfield code="a">Verbeeten, Wilco M.H.</subfield>
<subfield code="e">author</subfield>
</datafield>
<datafield tag="720" ind1=" " ind2=" ">
<subfield code="a">Lorenzo Bañuelos, Miriam</subfield>
<subfield code="e">author</subfield>
</datafield>
<datafield tag="720" ind1=" " ind2=" ">
<subfield code="a">Saiz Ortiz, Rubén</subfield>
<subfield code="e">author</subfield>
</datafield>
<datafield tag="720" ind1=" " ind2=" ">
<subfield code="a">González, Rodrigo</subfield>
<subfield code="e">author</subfield>
</datafield>
<datafield tag="260" ind1=" " ind2=" ">
<subfield code="c">2020</subfield>
</datafield>
<datafield tag="520" ind1=" " ind2=" ">
<subfield code="a">Purpose – The purpose of the present paper is to quantify and analyze the strain-rate dependence of the yield stress for both unfilled acrylonitrilebutadiene-&#xd;
styrene (ABS) and short carbon fiber-reinforced ABS (CF-ABS) materials, fabricated via material extrusion additive manufacturing (MEAM).&#xd;
Two distinct and opposite infill orientation angles were used to attain anisotropy effects.&#xd;
Design/methodology/approach – Tensile test samples were printed with two different infill orientation angles. Uniaxial tensile tests were&#xd;
performed at five different constant linear strain rates. Apparent densities were measured to compensate for the voided structure. Scanning electron&#xd;
microscope fractography images were analyzed. An Eyring-type flow rule was evaluated for predicting the strain-rate-dependent yield stress.&#xd;
Findings – Anisotropy was detected not only for the yield stresses but also for its strain-rate dependence. The short carbon fiber-filled material&#xd;
exhibited higher anisotropy than neat ABS material using the same ME-AM processing parameters. It seems that fiber and molecular orientation&#xd;
influence the strain-rate dependence. The Eyring-type flow rule can adequately describe the yield kinetics of ME-AM components, showing&#xd;
thermorheologically simple behavior.&#xd;
Originality/value – A polymer’s viscoelastic behavior is paramount to be able to predict a component’s ultimate failure behavior. The results in this&#xd;
manuscript are important initial findings that can help to further develop predictive numerical tools for ME-AM technology. This is especially&#xd;
relevant because of the inherent anisotropy that ME-AM polymer components show. Furthermore, short carbon fiber-filled ABS enhanced anisotropy&#xd;
effects during ME-AM, which have not been measured previously.</subfield>
</datafield>
<datafield tag="024" ind2=" " ind1="8">
<subfield code="a">1355-2546</subfield>
</datafield>
<datafield tag="024" ind2=" " ind1="8">
<subfield code="a">http://hdl.handle.net/10259/5642</subfield>
</datafield>
<datafield tag="024" ind2=" " ind1="8">
<subfield code="a">10.1108/RPJ-12-2019-0317</subfield>
</datafield>
<datafield ind1=" " ind2=" " tag="653">
<subfield code="a">ABS material</subfield>
</datafield>
<datafield ind1=" " ind2=" " tag="653">
<subfield code="a">Anisotropic strain-rate-dependent yield stress</subfield>
</datafield>
<datafield ind1=" " ind2=" " tag="653">
<subfield code="a">Eyring rate equation</subfield>
</datafield>
<datafield ind1=" " ind2=" " tag="653">
<subfield code="a">Fused filament fabrication (FFF)</subfield>
</datafield>
<datafield ind1=" " ind2=" " tag="653">
<subfield code="a">Infill orientation</subfield>
</datafield>
<datafield ind1=" " ind2=" " tag="653">
<subfield code="a">Polymer matrix composites (PMC)</subfield>
</datafield>
<datafield ind1=" " ind2=" " tag="653">
<subfield code="a">Apparent density</subfield>
</datafield>
<datafield tag="245" ind1="0" ind2="0">
<subfield code="a">Strain-rate-dependent properties of short carbon fiber-reinforced acrylonitrile-butadiene-styrene using material extrusion additive manufacturing</subfield>
</datafield>
</record></metadata></record></GetRecord></OAI-PMH>